ABBA QUIZ for Harlyn Darling - Statistics

General Stats
  • This quiz has been taken 24 times
  • The average score is 7 of 15
Answer Stats
Hint Answer % Correct
what year did Bjorn and Agnetha get divorced 1980
88%
Which ABBA member was not born in Sweden Frida
75%
What's the very first abba song People need love
75%
On which hit single did Bjorn Ulvaeus sing lead? Does your mother know
56%
What was the first ever song to use 'ah ha' in its lyrics? Honey Honey
56%
Which song did Agnetha choose as her favorite on "The Late, Late Breakfast Show" in 1982? Fernando
50%
what is the 5th song from Mamma Mia 2 Why did it have to be me
44%
What range does Frida sing (SATB)? Mezzo-Soprano
38%
In 2000, ABBA were offered a large sum of money to reunite, but declined. How much money was offered 1 Billion
31%
What was the most successful ABBA single in japan Gimme! Gimme! Gimme! (A Man After Midnight)
31%
"Alice has been there, she said it was fun..." Where? what song Happy Hawaii
31%
"Baby, I miss you so, I know I'm never going to make it" is a lyric from which song? If it wasn't for the nights
31%
The last song released by ABBA before they broke up in 1982, was what? Under Attack
31%
What was the name of ABBA's record label in North America? Atlantic
25%
In most countries, ABBA's first compilation album was called "Greatest Hits". However, Australia and New Zealand received a different compilation album. What was it called? The Best Of ABBA
19%
No matching quizzes found
Score Distribution
Percent of People with Each Score
Percentile by Number Answered
Your Score History
You have not taken this quiz